01789cam a2200361 a 450000100090000000300040000900500170001300800410003001000170007101600180008802000150010603500240012104000540014504200080019904300120020705000210021908200230024010000330026324501020029626000410039830000340043950400510047350504920052465000490101665100270106565100340109265100430112665100370116970000260120694200440123295201340127699900170141016717787OSt20240118113847.0110401s2012 nyub b 001 0 eng  a 20110120927 a0157895222Uk a8178243865 a(OCoLC)ocn693812378 aDLCcDLCdYDXdBTCTAdYDXCPdBWXdUKMGBdCDXdDLC apcc aa-ii---00aDS461b.A43 201200a954.025222bALA/W aAlam, Muzaffar d1947-9238510aWriting the Mughal world :bstudies in political culture /cMuzaffar Alam, Sanjay Subrahmanyam. aNew York :bPermanent black,cc2011. axiv, 516 p. :bmaps ;c23 cm. aIncludes bibliographical references and index.0 aLetters from a sinking sultan -- TheMughals look beyond the winds -- On the end of the Akbari dispensation -- The Deccan frontier and Mughal expansion, c. 1600 -- Faizi's Nal-Daman and its long afterlife -- Catholics and Muslims in the court of Jahangir (1608-1611) -- The making of a Munshi -- Trade and politics in the Arcot Nizamat (1700-1732) -- Eighteenth-century historiography and the world of the Mughal Munshi -- The political thought of a late eighteenth-century Mughal prince. 0aPolitics and culturezMogul EmpirexHistory. 0aMogul EmpirexHistory. 0aMogul EmpirexHistoriography. 0aMogul EmpirexPolitics and government. 0aMogul EmpirexCommercexHistory.1 aSubrahmanyam, Sanjay. 2ddccBKh954.025iALA/Wk954.025mALA/W 00102ddc40708HISTORYaMESbMEScHISd2023-12-05l0o954.025 ALA/Wp44013r2023-12-05 10:20:57v895.00w2023-12-05yBKzGL36R3 c43832d43832